Catalog

Record Details

Catalog Search



Breakthroughs in deep space science  Cover Image Book Book

Breakthroughs in deep space science / Wil Mara.

Mara, Wil, (author.).

Summary:

"This title explores new discoveries, technological achievements, and scientific breakthroughs in the exploration of deep space. Reader-friendly text, engaging photos, and up-to-date information help readers explore black holes, exoplanets, and deep-space navigation."-- Provided by publisher.

Record details

  • ISBN: 9781541538733
  • ISBN: 1541538730
  • Physical Description: 32 pages : color illustrations ; 24 cm.
  • Publisher: Minneapolis : Lerner Publications, [2019]

Content descriptions

Bibliography, etc. Note:
Includes bibliographical references (page 31) and index.
Formatted Contents Note:
Out there -- Getting there -- Exploring there -- Being there -- What the tech.
Target Audience Note:
Ages 8-12.
Grades 4 to 6.
Subject: Space astronomy > Juvenile literature.
Space sciences > Juvenile literature.
Technological innovations > Juvenile literature.
Outer space > Exploration > Juvenile literature.
Deep space > Juvenile literature.

Available copies

  • 1 of 1 copy available at scottsboropl.

Holds

  • 0 current holds with 1 total copy.
Show Only Available Copies
Location Call Number / Copy Notes Barcode Shelving Location Status Due Date
scottsboropl J 523 Mar 32269001113524 Juvenile - NonFiction Available -

LDR 01877nam a2200433 i 4500
001151034
003CONS
00520190513132748.0
008180521s2019 mnua j b 001 0 eng c
010 . ‡a 2018016813
020 . ‡a9781541538733 ‡q(hardback)
020 . ‡a1541538730 ‡q(hardback)
035 . ‡a(CPomAG)LMN612311
042 . ‡apcc
043 . ‡azo-----
05000. ‡aQB136 ‡b.M37 2019
08204. ‡a523 ‡223
1001 . ‡aMara, Wil, ‡eauthor.
24510. ‡aBreakthroughs in deep space science / ‡cWil Mara.
264 1. ‡aMinneapolis : ‡bLerner Publications, ‡c[2019]
300 . ‡a32 pages : ‡bcolor illustrations ; ‡c24 cm.
336 . ‡atext ‡2rdacontent
337 . ‡aunmediated ‡2rdamedia
338 . ‡avolume ‡2rdacarrier
4901 . ‡aSpace exploration (Alternator Books)
504 . ‡aIncludes bibliographical references (page 31) and index.
5050 . ‡aOut there -- Getting there -- Exploring there -- Being there -- What the tech.
520 . ‡a"This title explores new discoveries, technological achievements, and scientific breakthroughs in the exploration of deep space. Reader-friendly text, engaging photos, and up-to-date information help readers explore black holes, exoplanets, and deep-space navigation."-- ‡cProvided by publisher.
5211 . ‡aAges 8-12.
5212 . ‡aGrades 4 to 6.
650 0. ‡aSpace astronomy ‡vJuvenile literature.
650 0. ‡aSpace sciences ‡vJuvenile literature.
650 0. ‡aTechnological innovations ‡vJuvenile literature.
651 0. ‡aOuter space ‡xExploration ‡vJuvenile literature.
651 0. ‡aDeep space ‡vJuvenile literature.
830 0. ‡aAlternator books. ‡pSpace exploration.
914 . ‡aSCP_LP
959 . ‡i32269001113524 ‡lJ 523 Mar ‡aJuvenile - NonFiction ‡tJuv Nonfiction ‡g25.00
852 . ‡p32269001113524 ‡jJ 523 Mar ‡gJuvenile - NonFiction ‡cJuv Nonfiction ‡y25.00 ‡bSBPL
901 . ‡a151034 ‡bUnknown ‡c151034 ‡tbiblio

Additional Resources